000 00943nam a22002777a 4500
999 _c445
_d445
001 002005
003 CoMeUDC002005
005 20181214215303.0
008 130821s2008 ck gr spa
020 _a9789588235844
040 _aCo-BoUCM
_bspa
_cCoMeUDC
041 0 0 _aspa
082 0 4 _a342
_220
_bC749c
100 1 _aEspinosa Pérez, Beatriz
245 1 0 _aCongreso Internacional neoconstitucionalismo y derecho privado el debate /
_ceditoras Betriz Espinosa Pérez, Lina Marcela Escobar Martínez
260 _aBogotá (Colombia) :
_bDike ,
_c2006.
300 _a448 páginas
650 0 4 _aConstituciones
_zColombia
_911696
650 0 4 _aDerecho constitucional
_912725
650 0 4 _aDerecho privado
_9437
650 0 4 _aDerechos civiles
_912857
650 0 4 _aFamilia
_xLegislación
_915547
650 0 4 _aResponsabilidad
_923663
700 1 _aEscobar Martínez, Lina Marcela
942 _cBK
_a8
_e1
_mC749c
_2ddc
_h342